[Event "Madrid Colmenarejo Autumn op 22nd"]
[Site "Madrid"]
[Date "2017.09.24"]
[Round "2"]
[White "Fernandez Pello San Roman, Javie"]
[Black "Criado Herrero, Luis"]
[Result "0-1"]
[WhiteElo "1251"]
[BlackElo "1526"]
[PlyCount "44"]
[EventDate "2017.09.17"]
[EventType "swiss"]
[EventRounds "7"]
[EventCountry "ESP"]
[SourceTitle "EXT 2019"]
[Source "ChessBase"]
[SourceDate "2018.10.10"]
[SourceVersion "1"]
[SourceVersionDate "2018.10.10"]
[SourceQuality "1"]

1. e4 c5 2. f4 d6 3. Nf3 Nc6 4. Bb5 Bd7 5. c3 a6 6. Ba4 b5 7. Bc2 e6 8. d4 cxd4 9. cxd4 Qb6 10. Be3 Qc7 11. Nbd2 Nf6 12. Nf1 Ng4 13. Bd2 Qb6 14. Bc3 b4 15. Ng1 bxc3 16. Qxg4 cxb2 17. Rb1 Nxd4 18. Bd3 e5 19. f5 Rc8 20. Qh5 g6 21. fxg6 fxg6 22. Qh4 Rc1+ 0-1